<?xml version="1.0" encoding="UTF-8"?>
<collection xmlns="http://www.loc.gov/MARC21/slim">
 <record>
  <leader>02085cam a2200505   4500</leader>
  <controlfield tag="001">886508681</controlfield>
  <controlfield tag="003">DE-627</controlfield>
  <controlfield tag="005">20220429084416.0</controlfield>
  <controlfield tag="007">tu</controlfield>
  <controlfield tag="008">170510s2017    gw |||||      00| ||ger c</controlfield>
  <datafield tag="015" ind1=" " ind2=" ">
   <subfield code="a">17,N19</subfield>
   <subfield code="2">dnb</subfield>
  </datafield>
  <datafield tag="016" ind1="7" ind2=" ">
   <subfield code="a">1131270290</subfield>
   <subfield code="2">DE-101</subfield>
  </datafield>
  <datafield tag="020" ind1=" " ind2=" ">
   <subfield code="a">3897399016</subfield>
   <subfield code="c"> : (Broschur : circa EUR 18.00 (DE), circa EUR 18.60 (AT))</subfield>
   <subfield code="9">3-89739-901-6</subfield>
  </datafield>
  <datafield tag="020" ind1=" " ind2=" ">
   <subfield code="a">9783897399013</subfield>
   <subfield code="c"> : (Broschur : circa EUR 18.00 (DE), circa EUR 18.60 (AT))</subfield>
   <subfield code="9">978-3-89739-901-3</subfield>
  </datafield>
  <datafield tag="024" ind1="3" ind2=" ">
   <subfield code="a">9783897399013</subfield>
  </datafield>
  <datafield tag="035" ind1=" " ind2=" ">
   <subfield code="a">(DE-627)886508681</subfield>
  </datafield>
  <datafield tag="035" ind1=" " ind2=" ">
   <subfield code="a">(DE-576)988650868X</subfield>
  </datafield>
  <datafield tag="035" ind1=" " ind2=" ">
   <subfield code="a">(DE-599)DNB1131270290</subfield>
  </datafield>
  <datafield tag="035" ind1=" " ind2=" ">
   <subfield code="a">(DE-101)1131270290</subfield>
  </datafield>
  <datafield tag="040" ind1=" " ind2=" ">
   <subfield code="a">DE-627</subfield>
   <subfield code="b">ger</subfield>
   <subfield code="c">DE-627</subfield>
   <subfield code="e">rakwb</subfield>
  </datafield>
  <datafield tag="041" ind1=" " ind2=" ">
   <subfield code="a">ger</subfield>
  </datafield>
  <datafield tag="044" ind1=" " ind2=" ">
   <subfield code="c">XA-DE-TH</subfield>
  </datafield>
  <datafield tag="082" ind1="0" ind2="4">
   <subfield code="a">830</subfield>
   <subfield code="a">B</subfield>
   <subfield code="q">DE-101</subfield>
  </datafield>
  <datafield tag="084" ind1=" " ind2=" ">
   <subfield code="a">18.10</subfield>
   <subfield code="2">bkl</subfield>
  </datafield>
  <datafield tag="084" ind1=" " ind2=" ">
   <subfield code="a">17.97</subfield>
   <subfield code="2">bkl</subfield>
  </datafield>
  <datafield tag="100" ind1="1" ind2=" ">
   <subfield code="a">Elsbroek, Ulrich</subfield>
   <subfield code="d">1962-</subfield>
   <subfield code="e">VerfasserIn</subfield>
   <subfield code="0">(DE-588)1023860104</subfield>
   <subfield code="0">(DE-627)718585704</subfield>
   <subfield code="0">(DE-576)367552469</subfield>
   <subfield code="4">aut</subfield>
  </datafield>
  <datafield tag="245" ind1="1" ind2="0">
   <subfield code="a">Tatort Skulpturenausstellung</subfield>
   <subfield code="c">Ulrich Elsbroek</subfield>
  </datafield>
  <datafield tag="250" ind1=" " ind2=" ">
   <subfield code="a">2., unveränderte Auflage</subfield>
  </datafield>
  <datafield tag="263" ind1=" " ind2=" ">
   <subfield code="a">201706</subfield>
  </datafield>
  <datafield tag="264" ind1=" " ind2="1">
   <subfield code="a">Weimar</subfield>
   <subfield code="b">VDG Weimar im Jonas-Verlag für Kunst und Literatur</subfield>
   <subfield code="c">2017</subfield>
  </datafield>
  <datafield tag="300" ind1=" " ind2=" ">
   <subfield code="a">211 Seiten</subfield>
   <subfield code="c">20.5 cm x 14.3 cm</subfield>
  </datafield>
  <datafield tag="336" ind1=" " ind2=" ">
   <subfield code="a">Text</subfield>
   <subfield code="b">txt</subfield>
   <subfield code="2">rdacontent</subfield>
  </datafield>
  <datafield tag="337" ind1=" " ind2=" ">
   <subfield code="a">ohne Hilfsmittel zu benutzen</subfield>
   <subfield code="b">n</subfield>
   <subfield code="2">rdamedia</subfield>
  </datafield>
  <datafield tag="338" ind1=" " ind2=" ">
   <subfield code="a">Band</subfield>
   <subfield code="b">nc</subfield>
   <subfield code="2">rdacarrier</subfield>
  </datafield>
  <datafield tag="490" ind1="1" ind2=" ">
   <subfield code="a">Kunstkrimi - Krimikunst</subfield>
   <subfield code="v">2</subfield>
  </datafield>
  <datafield tag="650" ind1=" " ind2="4">
   <subfield code="a">Krimis, Thriller, Spionage</subfield>
  </datafield>
  <datafield tag="655" ind1=" " ind2="7">
   <subfield code="a">Fiktionale Darstellung</subfield>
   <subfield code="0">(DE-588)1071854844</subfield>
   <subfield code="0">(DE-627)82648378X</subfield>
   <subfield code="0">(DE-576)43337439X</subfield>
   <subfield code="2">gnd-content</subfield>
  </datafield>
  <datafield tag="710" ind1="2" ind2=" ">
   <subfield code="a">Verlag und Datenbank für Geisteswissenschaften</subfield>
   <subfield code="e">Verlag</subfield>
   <subfield code="0">(DE-588)7559573-4</subfield>
   <subfield code="0">(DE-627)486341976</subfield>
   <subfield code="0">(DE-576)261804421</subfield>
   <subfield code="4">pbl</subfield>
  </datafield>
  <datafield tag="787" ind1="0" ind2="8">
   <subfield code="i">Rezensiert in</subfield>
   <subfield code="a">Held, Laura</subfield>
   <subfield code="t">Motive über Motive für einen Mord</subfield>
   <subfield code="d">Düsseldorf : AKMB, 2018</subfield>
   <subfield code="w">(DE-627)1692165526</subfield>
  </datafield>
  <datafield tag="830" ind1=" " ind2="0">
   <subfield code="a">Kunstkrimi - Krimikunst</subfield>
   <subfield code="v">2</subfield>
   <subfield code="9">202</subfield>
   <subfield code="w">(DE-627)522985769</subfield>
   <subfield code="w">(DE-576)9522985767</subfield>
   <subfield code="w">(DE-600)2266729-5</subfield>
  </datafield>
  <datafield tag="936" ind1="b" ind2="k">
   <subfield code="a">18.10</subfield>
   <subfield code="j">Deutsche Literatur</subfield>
   <subfield code="0">(DE-627)106405047</subfield>
  </datafield>
  <datafield tag="936" ind1="b" ind2="k">
   <subfield code="a">17.97</subfield>
   <subfield code="j">Texte eines einzelnen Autors</subfield>
   <subfield code="0">(DE-627)181571714</subfield>
  </datafield>
  <datafield tag="951" ind1=" " ind2=" ">
   <subfield code="a">BO</subfield>
  </datafield>
  <datafield tag="991" ind1=" " ind2=" ">
   <subfield code="a">Rezensiertes Werk</subfield>
  </datafield>
  <datafield tag="999" ind1=" " ind2=" ">
   <subfield code="a">KXP-PPN886508681</subfield>
   <subfield code="e">4151669035</subfield>
  </datafield>
 </record>
</collection>
